Victorious episodes Quiz Stats

 Plays Quiz not verified by Sporcle

Challenge
Share
Tweet
Embed
Score 0/56 Timer 15:00
0 Plays Today
Episode Episode Title % Correct
Season 1 Episode 1Pilot
90.2%
Season 1 Episode 2The Bird Scene
82.5%
Season 1 Episode 13Freak the Freak Out
65.8%
Season 1 Episode 6Tori the Zombie
65%
Season 1 Episode 14Rex Dies
64.5%
Season 1 Episode 3Stage Fighting
62.4%
Season 2 Episode 2Beck Falls for Tori
62.4%
Season 1 Episode 9Wi-Fi in the Sky
61.5%
Season 1 Episode 5Jade Dumps Beck
61.1%
Season 1 Episode 18Sleepover at Sikowitz's
61.1%
Season 1 Episode 17The Wood
60.3%
Season 2 Episode 1Beggin' on Your Knees
60.3%
Season 3 Episode 1The Breakfast Bunch
59.4%
Season 1 Episode 15The Diddly-Bops
59%
Season 2 Episode 3Ice Cream for Ke$ha
57.7%
Season 2 Episode 13Blooptorious
57.3%
Season 1 Episode 11The Great Ping-Pong Scam
56%
Season 2 Episode 5Prom Wrecker
56%
Season 2 Episode 6Locked Up!
55.6%
Season 2 Episode 8Who Did It to Trina?
55.6%
Season 1 Episode 12Cat's New Boyfriend
54.7%
Season 1 Episode 8Survival of the Hottest
53.8%
Season 2 Episode 7Helen Back Again
53.4%
Season 1 Episode 4The Birthweek Song
53%
Season 1 Episode 7Robarazzi
52.1%
Season 1 Episode 16Wok Star
52.1%
Season 2 Episode 12A Christmas Tori
50.9%
Season 4 Episode 11The Slap Fight
50.9%
Episode Episode Title % Correct
Season 2 Episode 10Jade Gets Crushed
50.4%
Season 3 Episode 10Tori Goes Platinum
50%
Season 4 Episode 4Three Girls and a Moose
50%
Season 2 Episode 11Terror on Cupcake Street
49.6%
Season 3 Episode 6Tori & Jade's Playdate
49.6%
Season 4 Episode 13Victori-Yes
49.6%
Season 2 Episode 9Tori Tortures Teacher
49.1%
Season 4 Episode 3Opposite Date
48.7%
Season 3 Episode 7April Fools Blank
48.3%
Season 3 Episode 8Driving Tori Crazy
48.3%
Season 3 Episode 5Car, Rain, and Fire
47.9%
Season 3 Episode 2The Gorilla Club
47%
Season 3 Episode 12The Blonde Squad
46.2%
Season 3 Episode 3The Worst Couple
45.3%
Season 4 Episode 5Cell Block
45.3%
Season 4 Episode 6Tori Fixes Beck & Jade
45.3%
Season 2 Episode 4Tori Gets Stuck
44.9%
Season 4 Episode 1Wanko's Warehouse
44.9%
Season 4 Episode 10Brain Squeezers
44.9%
Season 4 Episode 2The Hambone King
44%
Season 1 Episode 10Beck's Big Break
41.5%
Season 3 Episode 9How Trina Got In
40.6%
Season 4 Episode 7One Thousand Berry Balls
40.6%
Season 3 Episode 4Andre's Horrible Girl
38.9%
Season 3 Episode 11Crazy Ponnie
36.8%
Season 4 Episode 8Robbie Sells Rex
36.3%
Season 4 Episode 12Star-Spangled Tori
34.6%
Season 4 Episode 9The Bad Roommate
31.2%

You're not logged in!

Compare scores with friends on all Sporcle quizzes.
Join for Free
OR
Log In

You Might Also Like...

Show Comments

Extras

Created Feb 12, 2017ReportNominate
Tags:episode, victorious

Top Quizzes Today


Score Distribution

Your Account Isn't Verified!

In order to create a playlist on Sporcle, you need to verify the email address you used during registration. Go to your Sporcle Settings to finish the process.

Report this User

Report this user for behavior that violates our Community Guidelines.

Details: